000 00534nam a22001697a 4500
003 OSt
005 20120302151356.0
008 091104t xxu||||| |||| 00| 0 eng d
035 _a१६१४३
040 _cमराठी
100 _aकोल्हे,रविंद्र
_99646
222 _aनाविक वाहतूक/जल वाहतूक
245 _aपाण्यावरचा प्रवास
260 _aपुणे
_bजयदीप
300 _b२७ पाने
942 _2ddc
_cBOOK
999 _c494418
_d494415